000 01923ncm0a2200361 4500
001 RU\NLR\ONIZ\265829
005 20250625053355.0
013 _a979-0-706448-13-8
021 _aRU
_b2021-000639
_92021-НО-П-44
035 _a(NLR Aleph) 016355787
090 _a13135252
_c13135252
100 _a20220419d2021 |||y0rusy50 ca
101 0 _arus
102 _aRU
128 _asol
145 0 _ac
200 1 _aПособие по сольфеджио
_bНоты
_eдля младших классов
_fТ. А. Кортьева
203 _aМузыка
_bзнаковая
_bвизуальная
_cнепосредственная
210 _aМосква
_cПеро
_d2021
215 _a20, [2] c.
_cил.
_d30 см
313 _aСистематизация документа проведена по изданию - Методика классифицирования музыкальных произведений (нотных изданий) по таблицам Библиотечно-библиографических классификаций : метод. рекомендации / Гос. б-ка СССР им. В.И. Ленина.- М., 1977. Индексу ББК методических рекомендаций присваивается код ББК для научных библиотек - LBC/SL
606 1 _aСольфеджио для детей младшего возраста
_yРоссия
_z20-21 вв.
_jНоты
_jУчебные издания
_2nlr_sh
686 0 _aЩ907.11(2Р)
700 1 _9z02790
_aКортьева
_bТ. А.
_gТамара Алексеевна
_4230
_4070
790 1 _9z02700
_aKort`eva
_bT. A.
_gTamara Alekseevna
_4230
_4070
_7ba
801 0 _aRU
_bNLR
_c20220419
_gPSBO
801 1 _aRU
_bNLR
_c20220419
_2rusmarc
801 2 _aRU
_bNLR
_c20230418
852 _aNLR
_bМ
_jК-3/31221
_pМОЭ 46257
_t1
942 _cSCORE
980 _aNB
980 _aONIZ